=LDR 00000nam 2200000 4500 =001 INLIS000000000034586 =005 20130612140503 =008 ***********************************ind** =035 ##$$0010-061300000034586 =041 ##$$a ind =082 ##$$a F.Rom.K =090 ##$$a F Rom.K, Sal,m =100 ##$$a Salsa, Putri =245 ##$$a My Candy, Putri Salsa; Penyunting Dadan Ramadhan =260 ##$$a 2009 $b Bandung =300 ##$$a 110 hlm., Illus, 20 cm =650 ##$$a Fiksi Kanak-Kanak =700 ##$$a Ramadhan,Dadan =850 ##$$a NBPNMAT